Vaidic darshan/ (Record no. 48705)

000 -LEADER
fixed length control field 00339nam a22001451a 4500
082 ## - DEWEY DECIMAL CLASSIFICATION NUMBER
Classification number S 294.592 1
Item number CHA/V
100 ## - MAIN ENTRY--AUTHOR NAME
Personal name Chamupathy M A
245 ## - TITLE STATEMENT
Title Vaidic darshan/
Statement of responsibility, etc by Chamupathy M A
260 ## - PUBLICATION, DISTRIBUTION, ETC. (IMPRINT)
Place of publication New Delhi:
Name of publisher Samskar,
Year of publication 2000.
300 ## - PHYSICAL DESCRIPTION
Number of Pages 82p.
650 ## - SUBJECT ADDED ENTRY--TOPICAL TERM
Topical Term Vedic Literature
650 ## - SUBJECT ADDED ENTRY--TOPICAL TERM
Topical Term Hinduism
650 ## - SUBJECT ADDED ENTRY--TOPICAL TERM
Topical Term Religion
942 ## - ADDED ENTRY ELEMENTS (KOHA)
Koha item type Book
Holdings
Withdrawn status Lost status Damaged status Not for loan Permanent Location Current Location Date acquired Cost, normal purchase price Full call number Accession Number Cost, replacement price Price effective from Koha item type
        Sree Sankaracharya University of Sanskrit Sree Sankaracharya University of Sanskrit 08.01.2015 75.00 S 294.592 1 CHA/V 042216 0.00 08.01.2015 Book